[Event "XIV Corsicoscacchi FIDE"]
[Site "Corsico ITA"]
[Date "1997.10.04"]
[Round "1"]
[White "Castaldo, Folco"]
[Black "Bosio, Devis"]
[Result "0-1"]
[WhiteElo "2170"]
[BlackElo "1951"]
[PlyCount "74"]
[EventDate "1997.10.04"]

1. e4 c6 2. d4 d5 3. e5 c5 4. dxc5 Nc6 5. Bb5 e6 6. Be3 Nge7 7. c3 Bd7 8. Bxc6
Nxc6 9. Nf3 Qc7 10. Bd4 Nxd4 11. cxd4 b6 12. cxb6 Qxb6 13. Qb3 Qa6 14. Nc3 Be7
15. Qc2 Bb4 16. h4 Rc8 17. Rh3 Qc4 18. Kd2 Bb5 19. Re1 Qxa2 20. Ng5 h6 21. Nxe6
fxe6 22. Qg6+ Kd8 23. Ke3 Bxc3 24. Qxe6 Bxd4+ 25. Kf4 Rf8+ 26. Kg3 Rc6 27. Qg4
Bxf2+ 28. Kh2 Bxe1 29. Qxg7 Re8 30. Qb7 Qa6 31. Qf7 Rce6 32. Ra3 Ba4 33. b3 Qb6
34. Rxa4 a6 35. Ra1 Qc7 36. Qf3 Qxe5+ 37. Kh3 Qe3 0-1

[Event "XIV Corsicoscacchi FIDE"]
[Site "Corsico ITA"]
[Date "1997.10.04"]
[Round "1"]
[White "Everet, Alexandro"]
[Black "Ricca, Roberto"]
[Result "1/2-1/2"]
[WhiteElo "2225"]
[BlackElo "2145"]
[PlyCount "146"]
[EventDate "1997.10.04"]

1. e4 e5 2. Nc3 Nf6 3. Bc4 Nxe4 4. Bxf7+ Kxf7 5. Nxe4 Nc6 6. d4 d5 7. Qh5+ g6
8. Ng5+ Kg7 9. Qf3 Bb4+ 10. c3 Rf8 11. Qd1 Be7 12. N5f3 e4 13. Nd2 Bh4 14. g3
Qf6 15. Qe2 Bg5 16. h4 e3 17. hxg5 Qxf2+ 18. Qxf2 exf2+ 19. Kf1 fxg1=Q+ 20.
Kxg1 Bf5 21. Nb3 Rae8 22. Bf4 Re2 23. Rh2 Rxh2 24. Kxh2 Re8 25. Rg1 Re7 26. Nc5
Nd8 27. Be5+ Kf7 28. g4 Bc8 29. Kg3 c6 30. Rf1+ Ke8 31. Rf2 Ne6 32. Bd6 Nxc5
33. Bxc5 Re3+ 34. Kh4 b6 35. Bd6 Ba6 36. Rf8+ Kd7 37. Ba3 Be2 38. Rf6 Rf3 39.
Bf8 a5 40. Rd6+ Ke8 41. Re6+ Kd7 42. Rxe2 Rxf8 43. Kg3 Rf1 44. a4 Rf8 45. b4
Kd6 46. Rb2 Kc7 47. bxa5 bxa5 48. Rc2 Rf7 49. c4 dxc4 50. Rxc4 Kb6 51. Rc2 Rf1
52. Rb2+ Kc7 53. Re2 Ra1 54. Re7+ Kd6 55. Rxh7 Rxa4 56. Rg7 Rxd4 57. Rxg6+ Kc5
58. Rf6 a4 59. g6 Rd8 60. Kh4 a3 61. Rf4 Kb5 62. Rf2 Ra8 63. g7 a2 64. Rf1 Rg8
65. Ra1 Rxg7 66. Rxa2 c5 67. g5 c4 68. Kh5 Kb4 69. Kh6 Rc7 70. g6 Kb3 71. Ra6
Rb7 72. g7 Rxg7 73. Kxg7 c3 1/2-1/2

[Event "XIV Corsicoscacchi FIDE"]
[Site "Corsico ITA"]
[Date "1997.10.04"]
[Round "1"]
[White "Marcoli, Paolo"]
[Black "Tencati, Giuseppe"]
[Result "0-1"]
[WhiteElo "2185"]
[BlackElo "2035"]
[PlyCount "78"]
[EventDate "1997.10.04"]

1. e4 e6 2. Nc3 d5 3. Nf3 Nf6 4. e5 Nfd7 5. d4 c5 6. dxc5 Nc6 7. Bf4 a6 8. Bd3
Nxc5 9. O-O Be7 10. a3 Nxd3 11. cxd3 Bd7 12. b4 O-O 13. Rc1 Qe8 14. Na4 a5 15.
b5 Na7 16. Nb6 Bxa3 17. Nxa8 Qxa8 18. Rc7 Bxb5 19. Ng5 Qb8 20. Rc3 Bb4 21. Rc1
Nc6 22. Nf3 Qa7 23. Be3 Qa6 24. Bc5 Bxc5 25. Rxc5 Bxd3 26. Re1 Bc4 27. Qa1 Ra8
28. Rb1 b5 29. Nd4 Nxd4 30. Qxd4 b4 31. f4 b3 32. Ra1 a4 33. Ra3 Rb8 34. Qb2
Qb6 35. Qf2 Qb4 36. Ra1 b2 37. Rb1 a3 38. Rc7 a2 39. Rxb2 a1=Q+ 0-1

[Event "XIV Corsicoscacchi FIDE"]
[Site "Corsico ITA"]
[Date "1997.10.04"]
[Round "1"]
[White "Mariano, Elia"]
[Black "Sbarra, Marco"]
[Result "1-0"]
[WhiteElo "2145"]
[BlackElo "2280"]
[PlyCount "51"]
[EventDate "1997.10.04"]

1. d4 Nf6 2. Nf3 e6 3. Bg5 c5 4. e3 Qb6 5. Qc1 Nc6 6. c3 d5 7. Nbd2 cxd4 8.
exd4 Bd7 9. Bd3 Rc8 10. O-O h6 11. Bh4 Nb4 12. Be2 Nc6 13. Rb1 Ne4 14. Nxe4
dxe4 15. Ne5 Nxe5 16. dxe5 g5 17. Bg3 Bg7 18. Rd1 Bc6 19. Rd6 Bf8 20. Rd2 Bg7
21. Bh5 O-O 22. Rd6 Qc5 23. b4 Qc4 24. Rd4 Qxa2 25. Ra1 Qb3 26. Bd1 1-0

[Event "XIV Corsicoscacchi FIDE"]
[Site "Corsico ITA"]
[Date "1997.10.04"]
[Round "1"]
[White "Mione, Dario"]
[Black "Berra, Davide"]
[Result "1/2-1/2"]
[WhiteElo "2295"]
[BlackElo "2155"]
[PlyCount "103"]
[EventDate "1997.10.04"]

1. e4 e6 2. Nf3 d5 3. Nc3 Nf6 4. exd5 exd5 5. d4 Bg4 6. h3 Bh5 7. Qe2+ Qe7 8.
g4 Qxe2+ 9. Bxe2 Bg6 10. g5 Nh5 11. Nxd5 Bd6 12. Ne5 Be4 13. Rg1 Bxd5 14. Bxh5
Bxe5 15. dxe5 Nc6 16. Bf4 Be6 17. O-O-O Nb4 18. a3 Nd5 19. Bg3 O-O-O 20. Bg4 g6
21. Bf3 c6 22. h4 Ne7 23. Bf4 Nf5 24. Rxd8+ Rxd8 25. Bd1 Ng7 26. Be3 b6 27. Bf3
Kc7 28. h5 Nxh5 29. a4 Bd5 30. Be2 c5 31. a5 Ng7 32. b3 Nf5 33. axb6+ axb6 34.
Bf4 Be6 35. Rh1 Rd4 36. Bd2 Rh4 37. Rg1 Kc6 38. Bd3 Nd4 39. Rg3 Bf5 40. Bxf5
Nxf5 41. Rg1 b5 42. c3 Rh2 43. Re1 Ng7 44. Be3 Nf5 45. Bd2 Kd5 46. Re2 Ng3 47.
Re3 Ne4 48. c4+ bxc4 49. bxc4+ Kd4 50. Rf3 Rh1+ 51. Kc2 Kxe5 52. Be3 1/2-1/2

[Event "XIV Corsicoscacchi FIDE"]
[Site "Corsico ITA"]
[Date "1997.10.04"]
[Round "1"]
[White "Moratto, Davide"]
[Black "Ubezio, Marco"]
[Result "0-1"]
[WhiteElo "2030"]
[BlackElo "2185"]
[PlyCount "148"]
[EventDate "1997.10.04"]

1. e4 g6 2. d4 c6 3. Nc3 d5 4. e5 Bg7 5. f4 h5 6. Nf3 Bg4 7. Be2 Nh6 8. Be3 Nf5
9. Bf2 e6 10. a4 Qb6 11. Ra3 a6 12. a5 Qc7 13. b4 Bf8 14. Qb1 b5 15. Nd2 Qa7
16. Bxg4 hxg4 17. Ne2 Qe7 18. Rb3 Nd7 19. Qa1 O-O-O 20. Qc3 Kb7 21. Nf1 g5 22.
Ne3 gxf4 23. Nxf4 g3 24. Bg1 gxh2 25. Bf2 Qg5 26. Nxf5 Qxf4 27. Ne3 Bh6 28. Nd1
Rdg8 29. Qe3 Rxg2 30. Qxf4 Bxf4 31. Rf3 Rg4 32. Kf1 f5 33. Nb2 Bg5 34. Nd3 Kc8
35. Rg3 Rxg3 36. Bxg3 Be3 37. Bf2 Bxf2 38. Nxf2 Rh4 39. c3 Nf8 40. Kg2 Ng6 41.
Rxh2 Nf4+ 42. Kg3 Rxh2 43. Kxh2 Kd7 44. Nd1 Nd3 45. Kg3 c5 46. dxc5 Nxe5 47.
Kf4 Nc6 48. Nf2 Ke7 49. Ke3 e5 50. Nd3 f4+ 51. Ke2 Ke6 52. Nf2 Kf5 53. Nd3 f3+
54. Ke3 e4 55. Nf2 Kf6 56. Ng4+ Ke6 57. Kf4 Ne5 58. Nf2 Nc4 59. Nd1 Kf6 60. Nf2
Ne5 61. Nd1 Nd3+ 62. Ke3 Ke5 63. Kd2 Nf4 64. Ke3 Ne2 65. Kd2 d4 66. cxd4+ Nxd4
67. Ke3 Nc2+ 68. Kd2 Nxb4 69. Ke3 Nd5+ 70. Kd2 Kd4 71. c6 Kc5 72. c7 Nxc7 73.
Ke3 Nd5+ 74. Kxe4 Nc3+ 0-1

[Event "XIV Corsicoscacchi FIDE"]
[Site "Corsico ITA"]
[Date "1997.10.05"]
[Round "2"]
[White "Berra, Davide"]
[Black "Bevilacqua, Maurizio"]
[Result "1/2-1/2"]
[WhiteElo "2155"]
[BlackElo "2140"]
[PlyCount "46"]
[EventDate "1997.10.04"]

1. d4 d5 2. Nf3 Nf6 3. Bg5 Ne4 4. Bf4 c5 5. c3 Qb6 6. Qb3 Qxb3 7. axb3 cxd4 8.
Nxd4 Bd7 9. e3 f6 10. Bxb8 Rxb8 11. Nb5 e6 12. Rxa7 Bc5 13. Ra1 O-O 14. Nd2 f5
15. Nxe4 fxe4 16. b4 Bb6 17. Be2 Rf6 18. O-O Rbf8 19. Nd4 e5 20. Nc2 Rg6 21.
Kh1 Rgf6 22. Kg1 Rg6 23. Kh1 Rgf6 1/2-1/2

[Event "XIV Corsicoscacchi FIDE"]
[Site "Corsico ITA"]
[Date "1997.10.05"]
[Round "2"]
[White "Bosio, Devis"]
[Black "Mariano, Elia"]
[Result "1-0"]
[WhiteElo "1951"]
[BlackElo "2145"]
[PlyCount "91"]
[EventDate "1997.10.04"]

1. e4 d5 2. exd5 Qxd5 3. Nc3 Qa5 4. d4 Nf6 5. Nf3 Bg4 6. h3 Bh5 7. g4 Bg6 8.
Ne5 e6 9. Bg2 c6 10. h4 Be4 11. Bxe4 Nxe4 12. Qf3 Nd6 13. Bf4 f6 14. Nd3 Nd7
15. O-O-O O-O-O 16. Rhe1 Re8 17. Nc5 Nxc5 18. dxc5 Nf7 19. Bd6 Bxd6 20. cxd6
Kd7 21. Ne4 Ne5 22. Nxf6+ gxf6 23. Qxf6 Rhf8 24. Rxe5 Rxf6 25. Rxa5 Rxf2 26.
Rxa7 Rb8 27. Ra5 Rbf8 28. Rh5 R8f7 29. b3 Rg2 30. Rd4 b6 31. a4 c5 32. Rc4 Kxd6
33. a5 bxa5 34. Rhxc5 Ra7 35. Rc6+ Kd7 36. R6c5 Kd6 37. Rh5 Rg7 38. Rxa5 R7xg4
39. Rxg4 Rxg4 40. Rh5 Rg7 41. Kd2 e5 42. c4 Rb7 43. Kc3 e4 44. b4 e3 45. Rd5+
Ke6 46. Rd3 1-0

[Event "XIV Corsicoscacchi FIDE"]
[Site "Corsico ITA"]
[Date "1997.10.05"]
[Round "2"]
[White "Bozzali, Ermanno"]
[Black "Everet, Alexandro"]
[Result "0-1"]
[WhiteElo "2200"]
[BlackElo "2225"]
[PlyCount "92"]
[EventDate "1997.10.04"]

1. e4 g6 2. d4 Bg7 3. Nc3 d6 4. Nf3 Nf6 5. h3 O-O 6. Be3 c6 7. a4 Qc7 8. Be2 e5
9. d5 Ne8 10. Bc4 Kh8 11. Qd2 f5 12. Bh6 Bxh6 13. Qxh6 Qg7 14. Qd2 h6 15. O-O
c5 16. Nh2 a6 17. Be2 Nd7 18. Bf3 Ndf6 19. a5 f4 20. Bg4 Bxg4 21. hxg4 g5 22.
f3 h5 23. Kf2 hxg4 24. Nxg4 Nxg4+ 25. fxg4 Nf6 26. Rh1+ Kg8 27. Qe2 Qd7 28. Ke1
Kg7 29. Kd2 Rh8 30. g3 Qxg4 31. gxf4 Qxe2+ 32. Kxe2 exf4 33. Rhg1 Kg6 34. Raf1
Rh4 35. Kd3 Re8 36. Rg2 Rh3+ 37. Kd2 Nxe4+ 38. Kc1 Nxc3 39. bxc3 Kf5 40. Rfg1
Rg8 41. Re2 g4 42. Re6 g3 43. Rxd6 g2 44. Re6 Rh1 45. Ree1 Rxg1 46. Rxg1 f3 0-1

[Event "XIV Corsicoscacchi FIDE"]
[Site "Corsico ITA"]
[Date "1997.10.05"]
[Round "2"]
[White "Moratto, Davide"]
[Black "Marcoli, Paolo"]
[Result "0-1"]
[WhiteElo "2030"]
[BlackElo "2185"]
[PlyCount "108"]
[EventDate "1997.10.04"]

1. e4 c5 2. Nf3 e6 3. c3 d5 4. exd5 exd5 5. Bb5+ Nc6 6. O-O Bd6 7. Re1+ Nge7 8.
d4 O-O 9. Bg5 f6 10. Bh4 Nf5 11. Bg3 Nxg3 12. hxg3 Kh8 13. Nbd2 Qb6 14. Bxc6
bxc6 15. Qb3 c4 16. Qxb6 axb6 17. a3 Kg8 18. Re2 Kf7 19. Rae1 Bf5 20. Nh2 h5
21. f4 Rfe8 22. Ndf3 Be4 23. Nd2 Bd3 24. Rxe8 Rxe8 25. Rxe8 Kxe8 26. Nhf3 Ke7
27. Kf2 Ke6 28. Ne1 Be4 29. Nef3 Bxf3 30. Kxf3 g5 31. Nf1 g4+ 32. Ke3 Kf5 33.
a4 h4 34. Kf2 hxg3+ 35. Nxg3+ Kxf4 36. Nh5+ Kg5 37. Ng7 Bf4 38. Ne6+ Kf5 39.
Nd8 Bc1 40. Nxc6 Bxb2 41. Nb4 Bxc3 42. Nxd5 Bxd4+ 43. Ke2 Ke4 44. Nb4 f5 45.
Nc2 Bc5 46. Ne1 f4 47. Nc2 f3+ 48. gxf3+ gxf3+ 49. Kd2 Be7 50. Kd1 c3 51. Na1
Kd3 52. Ke1 Bh4+ 53. Kf1 c2 54. Nb3 Kc3 0-1

[Event "XIV Corsicoscacchi FIDE"]
[Site "Corsico ITA"]
[Date "1997.10.05"]
[Round "2"]
[White "Sbarra, Marco"]
[Black "Castaldo, Folco"]
[Result "1-0"]
[WhiteElo "2280"]
[BlackElo "2170"]
[PlyCount "137"]
[EventDate "1997.10.04"]

1. d4 Nf6 2. c4 g6 3. Nc3 Bg7 4. e4 d6 5. Nf3 O-O 6. Be2 e5 7. d5 a5 8. Bg5 Na6
9. Nd2 h6 10. Be3 Nd7 11. g4 Nac5 12. Nf1 b6 13. h4 Qe7 14. h5 g5 15. f3 Nf6
16. Rb1 Bd7 17. Kf2 Rfb8 18. Nd2 Ne8 19. b3 Qf6 20. Kg2 Bf8 21. Qc2 Be7 22. a3
Bf8 23. Ra1 Qd8 24. b4 Nb7 25. Rhb1 Be7 26. Qb2 f6 27. Bd1 Ng7 28. Ba4 Ne8 29.
Bxd7 Qxd7 30. Ne2 Bf8 31. Qc3 Qf7 32. Nb3 a4 33. Nbc1 Be7 34. Nd3 Qf8 35. b5
Ra7 36. Nb4 Na5 37. Nc6 Nxc6 38. bxc6 Ng7 39. Qc2 Qc8 40. Nc3 Rba8 41. Rb4 Ra5
42. Rxa4 Rxa4 43. Nxa4 Qa6 44. Nb2 Qa5 45. Qb3 Bd8 46. Kf2 Kf7 47. Nd1 Ne8 48.
Ke2 Ke7 49. a4 Kf7 50. Qb5 Qxb5 51. cxb5 Ke7 52. Kd3 Kf7 53. Kc4 Ke7 54. Kb4
Ra5 55. Kc4 Ra8 56. Bd2 Kf7 57. a5 bxa5 58. Rxa5 Rb8 59. Ra7 Kg8 60. Be3 Kh8
61. Nc3 Kg8 62. Ne2 Kh8 63. Ng3 Ng7 64. b6 cxb6 65. c7 Rc8 66. Bxb6 Ne8 67. Nf5
Nxc7 68. Nxd6 Nxd5+ 69. Kxd5 1-0

[Event "XIV Corsicoscacchi FIDE"]
[Site "Corsico ITA"]
[Date "1997.10.05"]
[Round "2"]
[White "Ubezio, Marco"]
[Black "Tencati, Giuseppe"]
[Result "1/2-1/2"]
[WhiteElo "2185"]
[BlackElo "2035"]
[PlyCount "131"]
[EventDate "1997.10.04"]

1. d4 d5 2. Nf3 Nf6 3. c4 c6 4. e3 Bf5 5. Nc3 e6 6. Nh4 Bg4 7. Qb3 Qb6 8. h3
Bh5 9. Bd3 Nbd7 10. Qxb6 Nxb6 11. cxd5 Nbxd5 12. Nxd5 cxd5 13. Bb5+ Nd7 14. g4
Bg6 15. Nxg6 hxg6 16. Bd2 Bd6 17. Rc1 Ke7 18. Kf1 Nf6 19. f3 a6 20. Bd3 Rac8
21. Kg2 Kd7 22. a4 Rxc1 23. Rxc1 Rc8 24. Rb1 Ne8 25. b4 Nc7 26. e4 Ra8 27. e5
Be7 28. f4 Rh8 29. Ra1 Ra8 30. Kg3 Rh8 31. Rf1 Bh4+ 32. Kg2 Be7 33. f5 gxf5 34.
gxf5 exf5 35. Bxf5+ Ne6 36. Bg4 Rf8 37. b5 axb5 38. axb5 Kc7 39. Ba5+ b6 40.
Bc3 Kd7 41. Bd2 Kc7 42. Be3 Kb7 43. Rxf7 Rxf7 44. Bxe6 Rf8 45. Bxd5+ Kc7 46.
Bc6 Rf5 47. Kg3 Rh5 48. Bf4 g5 49. Be3 Rh6 50. d5 Bd8 51. d6+ Kc8 52. Be4 Kd7
53. Bf5+ Ke8 54. Bd4 Kf7 55. e6+ Rxe6 56. Bxe6+ Kxe6 57. Kg4 Kxd6 58. Be3 Kd5
59. Bxg5 Bc7 60. Bf6 Ke6 61. Kg5 Bg3 62. Bd4 Kd5 63. Bxb6 Kc4 64. Kg4 Be1 65.
Bc7 Kxb5 66. Bg3 1/2-1/2

[Event "XIV Corsicoscacchi FIDE"]
[Site "Corsico ITA"]
[Date "1997.10.05"]
[Round "3"]
[White "Bevilacqua, Maurizio"]
[Black "Ricca, Roberto"]
[Result "0-1"]
[WhiteElo "2140"]
[BlackElo "2145"]
[PlyCount "108"]
[EventDate "1997.10.04"]

1. d4 f5 2. h3 Nf6 3. g4 fxg4 4. hxg4 Nxg4 5. Qd3 Nh6 6. Bxh6 gxh6 7. Bg2 e6 8.
Bf3 Qf6 9. Nd2 Nc6 10. Bh5+ Kd8 11. Ngf3 d5 12. c3 Bd7 13. O-O-O Kc8 14. e4 a6
15. e5 Qe7 16. Rdg1 Be8 17. Bxe8 Qxe8 18. a3 b5 19. Nb3 Kb7 20. Nh4 Qf7 21. Qe3
Rg8 22. f4 Be7 23. Rf1 Rg4 24. Nc5+ Ka7 25. Nf3 Bxc5 26. dxc5 Qxf4 27. Qxf4
Rxf4 28. Nd4 Nxd4 29. cxd4 Rxd4 30. Rxh6 Rc4+ 31. Kb1 Rxc5 32. Rxe6 Rh8 33. Rh6
Re8 34. b4 Rc4 35. e6 Rc6 36. Rf7 Kb7 37. Rhxh7 Rexe6 38. Rf8 Re2 39. Rhh8 Rg6
40. Rb8+ Kc6 41. Rh1 d4 42. Rc1+ Kd7 43. Rb7 Rc6 44. Ra7 Ree6 45. Rd1 Red6 46.
Rd3 Ke6 47. Ra8 Kd5 48. Re8 Re6 49. Rd8+ Rcd6 50. Rc8 Rd7 51. Ra8 Kc4 52. Rd1
Kc3 53. Rh8 d3 54. Rh4 Kb3 0-1

[Event "XIV Corsicoscacchi FIDE"]
[Site "Corsico ITA"]
[Date "1997.10.05"]
[Round "3"]
[White "Castaldo, Folco"]
[Black "Moratto, Davide"]
[Result "1-0"]
[WhiteElo "2170"]
[BlackElo "2030"]
[PlyCount "103"]
[EventDate "1997.10.04"]

1. e4 c5 2. c3 d6 3. d4 Nf6 4. Bd3 cxd4 5. cxd4 e6 6. f3 Nc6 7. Be3 Be7 8. Nc3
a6 9. Nge2 b5 10. a3 Bb7 11. b4 Rc8 12. Qd2 Nd7 13. O-O Bf6 14. Rac1 O-O 15.
Bb1 g6 16. f4 Nb6 17. Ba2 Ne7 18. g4 Nc4 19. Bxc4 Rxc4 20. f5 Nc8 21. g5 Bh8
22. f6 Nb6 23. Qe1 h5 24. Qh4 e5 25. d5 Qd7 26. Bxb6 Rfc8 27. Be3 R8c7 28. Rf3
Qc8 29. Bd2 Qd8 30. Qf2 Bc8 31. h3 Qd7 32. Ng3 Qxh3 33. Nf1 Qg4+ 34. Rg3 Qd7
35. Ne3 Rd4 36. Qe2 Kf8 37. Rg2 Qh3 38. Rh2 Qd7 39. Ned1 Qd8 40. Nb2 Bg4 41.
Qxg4 Rxd2 42. Qf3 Rd4 43. Rhc2 Qc8 44. Kg2 Kg8 45. Qh3 Qb7 46. Kf3 Qa7 47. Ne2
Rb7 48. Nxd4 exd4 49. Rc8+ Kh7 50. Rxh8+ Kxh8 51. Qc8+ Kh7 52. Qf8 1-0

[Event "XIV Corsicoscacchi FIDE"]
[Site "Corsico ITA"]
[Date "1997.10.05"]
[Round "3"]
[White "Everet, Alexandro"]
[Black "Ubezio, Marco"]
[Result "1-0"]
[WhiteElo "2225"]
[BlackElo "2185"]
[PlyCount "55"]
[EventDate "1997.10.04"]

1. e4 g6 2. d4 c6 3. Bd3 Bg7 4. Ne2 Na6 5. Bxa6 Qa5+ 6. c3 Qxa6 7. O-O d5 8.
Nd2 dxe4 9. Nxe4 Bg4 10. f3 Bc8 11. Bf4 Nf6 12. Nxf6+ Bxf6 13. Ng3 O-O 14. Qd2
Qb6 15. Rfe1 Rd8 16. Qf2 Bh4 17. Re2 Be6 18. Qe3 Bc4 19. Rd2 Bf6 20. Ne4 Bg7
21. b3 Ba6 22. Bh6 e5 23. Bxg7 Kxg7 24. Qg5 exd4 25. Qe5+ Kh6 26. Nf6 d3+ 27.
Kh1 g5 28. Nd7 1-0

[Event "XIV Corsicoscacchi FIDE"]
[Site "Corsico ITA"]
[Date "1997.10.05"]
[Round "3"]
[White "Marcoli, Paolo"]
[Black "Berra, Davide"]
[Result "1/2-1/2"]
[WhiteElo "2185"]
[BlackElo "2155"]
[PlyCount "83"]
[EventDate "1997.10.04"]

1. d4 e6 2. e3 f5 3. Bd3 Nf6 4. Nd2 d5 5. Ne2 Bd6 6. Nf4 O-O 7. Be2 Qe7 8. Nf3
c5 9. Nd3 b6 10. O-O Nc6 11. Nfe5 Bb7 12. f4 Ne4 13. Bd2 a5 14. c4 Bxe5 15.
Nxe5 cxd4 16. Nxc6 Bxc6 17. cxd5 Bxd5 18. exd4 Qb7 19. Bf3 Rad8 20. Bc3 Rf6 21.
Qe2 Rg6 22. a3 a4 23. Bxe4 Bxe4 24. Rf2 Qd5 25. Rd1 Rc8 26. Rd2 b5 27. Qe3 Rf6
28. Qg3 Rg6 29. Qe3 Rf6 30. Qg3 Rc6 31. Qe3 Rf7 32. Rde2 Rfc7 33. Re1 Qb3 34.
Qg3 b4 35. Bxb4 Qxg3 36. hxg3 Rc1 37. Rfe2 R7c2 38. Kf2 Rxe1 39. Rxc2 Bxc2 40.
Kxe1 Be4 41. Kf2 Bd5 42. Bd6 1/2-1/2

[Event "XIV Corsicoscacchi FIDE"]
[Site "Corsico ITA"]
[Date "1997.10.05"]
[Round "3"]
[White "Mariano, Elia"]
[Black "Bozzali, Ermanno"]
[Result "1-0"]
[WhiteElo "2145"]
[BlackElo "2200"]
[PlyCount "73"]
[EventDate "1997.10.04"]

1. d4 Nf6 2. c4 c5 3. Nf3 cxd4 4. Nxd4 e5 5. Nb5 d5 6. cxd5 Bc5 7. Qc2 Qa5+ 8.
N1c3 a6 9. Bd2 Qb6 10. Na4 Bxf2+ 11. Kd1 Qxb5 12. Qxc8+ Ke7 13. Qc7+ Nbd7 14.
Nc3 Qc5 15. Qxc5+ Nxc5 16. g3 Nce4 17. Nxe4 Nxe4 18. e3 Bxg3 19. Bb4+ Kf6 20.
hxg3 Nf2+ 21. Ke2 Nxh1 22. Kf3 h5 23. Bd3 h4 24. Rxh1 h3 25. Kg4 g6 26. Rxh3
Rhc8 27. Rh1 a5 28. Bd6 Kg7 29. Bxe5+ f6 30. Bc3 a4 31. Rf1 Rf8 32. a3 Rad8 33.
e4 Rde8 34. Rxf6 Rxf6 35. Kg5 Ref8 36. d6 R8f7 37. Bc4 1-0

[Event "XIV Corsicoscacchi FIDE"]
[Site "Corsico ITA"]
[Date "1997.10.05"]
[Round "3"]
[White "Mione, Dario"]
[Black "Sbarra, Marco"]
[Result "1/2-1/2"]
[WhiteElo "2295"]
[BlackElo "2280"]
[PlyCount "55"]
[EventDate "1997.10.04"]

1. Nf3 Nf6 2. c4 c6 3. b3 d5 4. Bb2 Bf5 5. e3 e6 6. Nc3 h6 7. d4 Nbd7 8. Bd3
Bxd3 9. Qxd3 Bb4 10. O-O O-O 11. Ne5 Nxe5 12. dxe5 Nd7 13. cxd5 cxd5 14. Ne2 a6
15. e4 Nb6 16. Rfd1 Rc8 17. a3 Be7 18. Nf4 Bg5 19. Nh5 dxe4 20. Qxe4 Nd5 21. h4
Be7 22. Qg4 g6 23. Nf4 Kh7 24. h5 gxh5 25. Nxh5 Rg8 26. Qe4+ Kh8 27. Nf4 Rg4
28. g3 1/2-1/2

[Event "XIV Corsicoscacchi FIDE"]
[Site "Corsico ITA"]
[Date "1997.10.05"]
[Round "3"]
[White "Tencati, Giuseppe"]
[Black "Bosio, Devis"]
[Result "1/2-1/2"]
[WhiteElo "2035"]
[BlackElo "1951"]
[PlyCount "85"]
[EventDate "1997.10.04"]

1. d4 f5 2. g3 Nf6 3. Bg2 g6 4. c3 Bg7 5. Nd2 d5 6. Ngf3 Ne4 7. Qb3 c6 8. Ne5
Nxd2 9. Bxd2 Nd7 10. f4 Qb6 11. Qxb6 Nxb6 12. b3 Nd7 13. c4 Nxe5 14. fxe5 Be6
15. c5 Kd7 16. O-O h5 17. h4 Bh6 18. Bf4 Rag8 19. Kf2 g5 20. hxg5 Bxg5 21. Rh1
h4 22. Bxg5 hxg3+ 23. Kxg3 Rxg5+ 24. Kf2 Rhg8 25. Bf3 Kd8 26. Rag1 Rxg1 27.
Rxg1 Rxg1 28. Kxg1 Bc8 29. Kf2 e6 30. Kg3 Ke7 31. Kf4 Bd7 32. Bh5 Bc8 33. Kg5
Bd7 34. Kh6 Bc8 35. Kg7 Bd7 36. b4 Bc8 37. e3 Bd7 38. Be2 Be8 39. Kh6 Kf8 40.
Kg5 Ke7 41. Kf4 Kf8 42. a4 a6 43. Kg5 1/2-1/2

[Event "XIV Corsicoscacchi FIDE"]
[Site "Corsico ITA"]
[Date "1997.10.11"]
[Round "4"]
[White "Bevilacqua, Maurizio"]
[Black "Castaldo, Folco"]
[Result "0-1"]
[WhiteElo "2140"]
[BlackElo "2170"]
[PlyCount "70"]
[EventDate "1997.10.04"]

1. d4 Nf6 2. c4 c5 3. d5 b5 4. cxb5 a6 5. f3 axb5 6. e4 Qa5+ 7. Bd2 b4 8. Na3
d6 9. Nc4 Qd8 10. a3 e6 11. dxe6 Bxe6 12. Bd3 d5 13. exd5 Nxd5 14. a4 Nc6 15.
Ne2 Be7 16. O-O O-O 17. f4 Nf6 18. Rf3 Bg4 19. Rg3 Nd4 20. Qf1 Nb3 21. Rd1 Nxd2
22. Rxd2 Qc7 23. b3 Rfd8 24. Ne5 Be6 25. Qd1 Nh5 26. Rf3 Bf6 27. Nc4 Bg4 28.
Rf1 Bd4+ 29. Kh1 Bc3 30. Nxc3 Bxd1 31. Nb5 Qe7 32. Rdxd1 Qh4 33. Nbd6 Ng3+ 34.
Kg1 Nxf1 35. Rxf1 Qf6 0-1

[Event "XIV Corsicoscacchi FIDE"]
[Site "Corsico ITA"]
[Date "1997.10.11"]
[Round "4"]
[White "Bosio, Devis"]
[Black "Everet, Alexandro"]
[Result "1-0"]
[WhiteElo "1951"]
[BlackElo "2225"]
[PlyCount "97"]
[EventDate "1997.10.04"]

1. e4 c5 2. Nf3 Nc6 3. d4 cxd4 4. Nxd4 e6 5. Nc3 a6 6. Nxc6 bxc6 7. e5 Bb4 8.
Qg4 Qa5 9. Qxg7 Bxc3+ 10. bxc3 Qxc3+ 11. Kd1 Qxa1 12. Qxh8 Qd4+ 13. Ke1 Qb4+
14. Bd2 Qe4+ 15. Kd1 Qg6 16. Rg1 Bb7 17. Bd3 f5 18. exf6 Qf7 19. Qxh7 Qxh7 20.
Bxh7 Nxf6 21. Bg6+ Ke7 22. h4 c5 23. Bg5 Bd5 24. h5 Bxa2 25. g4 e5 26. Re1 d6
27. f4 Ke6 28. Bf5+ Kf7 29. fxe5 dxe5 30. Rxe5 Rd8+ 31. Kc1 Rd6 32. Bg6+ Kg8
33. Bh6 Bf7 34. Re7 Bxg6 35. hxg6 Rd8 36. g5 Nd5 37. Rg7+ Kh8 38. Rh7+ Kg8 39.
Rg7+ Kh8 40. Ra7 Nf4 41. Bg7+ Kg8 42. Bf6 Ne2+ 43. Kb2 Rb8+ 44. Ka1 Nd4 45. Rh7
Nxc2+ 46. Ka2 Nb4+ 47. Ka3 Nc2+ 48. Ka4 Rb4+ 49. Ka5 1-0

[Event "XIV Corsicoscacchi FIDE"]
[Site "Corsico ITA"]
[Date "1997.10.11"]
[Round "4"]
[White "Bozzali, Ermanno"]
[Black "Moratto, Davide"]
[Result "1-0"]
[WhiteElo "2200"]
[BlackElo "2030"]
[PlyCount "79"]
[EventDate "1997.10.04"]

1. e4 c5 2. Nf3 d6 3. d4 cxd4 4. Nxd4 a6 5. Nc3 Nf6 6. Bc4 e6 7. Bb3 Nbd7 8.
O-O Nc5 9. f4 Nxb3 10. axb3 Be7 11. e5 dxe5 12. fxe5 Bc5 13. Be3 Nd5 14. Qf3
O-O 15. Nxd5 Qxd5 16. Qxd5 exd5 17. Nf5 Bxe3+ 18. Nxe3 Be6 19. c3 Rfd8 20. Nc2
Rd7 21. Nd4 Rad8 22. Ra4 Re7 23. Rb4 Bc8 24. Nf3 b5 25. Rd4 h6 26. Rfd1 Be6 27.
c4 Red7 28. c5 a5 29. b4 axb4 30. Rxb4 Rb8 31. Nd4 Rc7 32. c6 Kf8 33. Ra1 Bc8
34. Ra5 f6 35. exf6 gxf6 36. Raxb5 Rxb5 37. Rxb5 Ke7 38. Rxd5 f5 39. Kf2 Be6
40. Re5 1-0

[Event "XIV Corsicoscacchi FIDE"]
[Site "Corsico ITA"]
[Date "1997.10.11"]
[Round "4"]
[White "Ricca, Roberto"]
[Black "Mariano, Elia"]
[Result "0-1"]
[WhiteElo "2145"]
[BlackElo "2145"]
[PlyCount "56"]
[EventDate "1997.10.04"]

1. f4 d5 2. Nf3 g6 3. g3 Bg7 4. Bg2 Nh6 5. d3 d4 6. c3 c5 7. e4 dxe3 8. Bxe3
Qc7 9. O-O O-O 10. Na3 Ng4 11. Bd2 Rd8 12. h3 Nh6 13. Be3 Bf5 14. d4 cxd4 15.
cxd4 Nc6 16. Qd2 Be4 17. Ne5 Bxg2 18. Kxg2 Nxe5 19. fxe5 Qc6+ 20. Kh2 Nf5 21.
Qf2 Qe4 22. Rae1 Nxe3 23. Rxe3 Qxd4 24. Qxf7+ Kh8 25. Ref3 Qxb2+ 26. R1f2 Qxe5
27. Nc4 Qd5 28. Qf4 Rf8 0-1

[Event "XIV Corsicoscacchi FIDE"]
[Site "Corsico ITA"]
[Date "1997.10.11"]
[Round "4"]
[White "Sbarra, Marco"]
[Black "Berra, Davide"]
[Result "1-0"]
[WhiteElo "2280"]
[BlackElo "2155"]
[PlyCount "101"]
[EventDate "1997.10.04"]

1. d4 e6 2. c4 f5 3. g3 Nf6 4. Bg2 d5 5. Nf3 c6 6. O-O Bd6 7. b3 Qe7 8. Bb2 O-O
9. Nbd2 Bd7 10. Ne1 Be8 11. Nd3 Nbd7 12. Qc2 Bh5 13. Rfe1 Ne4 14. Nf1 Bg6 15.
Nf4 Bxf4 16. gxf4 Qh4 17. e3 h6 18. f3 Nef6 19. Rac1 Bh7 20. Ba3 Rf7 21. Qf2
Qxf2+ 22. Kxf2 Ne8 23. h4 a5 24. Nd2 b5 25. cxb5 cxb5 26. Bc5 Ndf6 27. Bf1 Rb7
28. a4 Nc7 29. Bd6 Nfe8 30. Bxc7 Nxc7 31. axb5 Nxb5 32. Rc5 Nc7 33. Rec1 Ne8
34. Bb5 Re7 35. Bxe8 Raxe8 36. Rxa5 g5 37. hxg5 hxg5 38. fxg5 e5 39. Rxd5 exd4
40. Rxd4 Rxe3 41. Rc6 Kh8 42. Kg3 Re2 43. b4 Rg8 44. f4 Rge8 45. Rc7 R8e3+ 46.
Nf3 Bg6 47. Rc8+ Be8 48. b5 Rc2 49. Rdd8 Rxc8 50. Rxc8 Kg7 51. Kf2 1-0

[Event "XIV Corsicoscacchi FIDE"]
[Site "Corsico ITA"]
[Date "1997.10.11"]
[Round "4"]
[White "Tencati, Giuseppe"]
[Black "Mione, Dario"]
[Result "0-1"]
[WhiteElo "2035"]
[BlackElo "2295"]
[PlyCount "92"]
[EventDate "1997.10.04"]

1. d4 e6 2. c4 Nf6 3. Nc3 d5 4. Bg5 c6 5. e3 h6 6. Bh4 Nbd7 7. Nf3 a6 8. Rc1
Be7 9. Bd3 b5 10. b3 Bb7 11. O-O O-O 12. Qe2 Rc8 13. h3 dxc4 14. bxc4 b4 15.
Ne4 c5 16. Qc2 Nxe4 17. Bxe7 Qxe7 18. Bxe4 Nf6 19. Bxb7 Qxb7 20. Qb3 a5 21. a3
a4 22. Qxa4 Ra8 23. Qb5 Qxb5 24. cxb5 cxd4 25. Nxd4 bxa3 26. Rc2 Rfb8 27. Rb1
Nd5 28. Rc4 e5 29. Nc6 a2 30. Ra1 Rxb5 31. Rcc1 Nc3 32. Rxc3 Rb1+ 33. Rc1 Rxc1+
34. Rxc1 a1=Q 35. Rxa1 Rxa1+ 36. Kh2 f6 37. Kg3 Kf7 38. Nb4 g5 39. Nd5 h5 40.
e4 Ra3+ 41. Ne3 Ke6 42. Kf3 Kd6 43. g3 Kc5 44. Kg2 Rxe3 45. fxe3 g4 46. hxg4
hxg4 0-1